| 000 | 00499cam a2200181ua 4500 | ||
|---|---|---|---|
| 001 | 3109 | ||
| 008 | 110928n ii |||gr||||Z||||||asm | ||
| 040 | _cMAIN | ||
| 082 | _a891.4513 | ||
| 100 | 1 | _aGoswami, Mamoni Raison, | |
| 245 | 1 | 1 |
_aMamare dhara tarowal aru dukhan upanyassa _cby Mamoni Raison Goswami |
| 250 | _a9th. | ||
| 260 |
_aGuahati: _bChandra Prakash, _c2008. |
||
| 300 |
_a232p: _c23cm. |
||
| 653 | _aAssamese novel | ||
| 653 | _aMamare dhara tarowal aru dukhan upanyassa | ||
| 942 | _cBK | ||
| 999 |
_c2955 _d2955 |
||